[Event "Challenge"]
[Site "http://www.queenalice.com/game.php?id=328599"]
[Date "2007.12.31"]
[Round "-"]
[White "anairda"]
[Black "PEPPABOY"]
[Result "1-0"]
[WhiteElo "1385"]
[BlackElo "1148"]

1. Nf3 f6 2. e4 e5 3. Nh4 Ne7 4. Qh5+ g6 5. Qg4 d5 6. Qf3 Nbc6 7. Qxf6 Nf5 8.
Qxh8 Nxh4 9. Qxh7 Qd7 10. Qxh4 Qe7 11. Qh8 Qg7 12. Qxg7 Bxg7 13. Bb5 Bd7 14. Nc3
Nd4 15. Bxd7+ Kxd7 16. O-O Bf8 17. exd5 Re8 18. b4 Nxc2 19. Rb1 e4 20. Nb5 a6
21. Na3 Nd4 22. Re1 Kc8 23. Nc4 Nc2 24. Re2 b5 25. Na3 Nd4 26. Re3 a5 27. bxa5
Bh6 28. Rh3 Ne2+ 29. Kf1 Nf4 30. Rxh6 e3 31. dxe3 Nd3 32. a6 g5 33. a7 Kb7 34.
Nxb5 Rf8 35. f3 g4 36. Rc6 Rf7 37. Ba3 gxf3 38. d6 fxg2+ 39. Kxg2 Rf2+ 40. Kg1
1-0

[Event "Challenge"]
[Site "http://www.queenalice.com/game.php?id=328600"]
[Date "2007.12.31"]
[Round "-"]
[White "Drica"]
[Black "PEPPABOY"]
[Result "1-0"]
[WhiteElo "1588"]
[BlackElo "1148"]

1. e4 e5 2. Nf3 Nf6 3. Nxe5 Bc5 4. d4 Bb4+ 5. c3 Bd6 6. Na3 c5 7. Qe2 b6 8. Nb5
Be7 9. d5 a6 10. d6 axb5 11. dxe7 Qxe7 12. f4 d6 13. Qxb5+ Bd7 14. Nxd7 Qxe4+
15. Be2 Nfxd7 16. Qc4 Qxg2 17. Rf1 Qxh2 18. a4 O-O 19. Be3 Qh3 20. Qd3 Re8 21.
Rf3 Qh1+ 22. Rf1 Qe4 23. Qxe4 Rxe4 24. Rf3 Nc6 25. Bd3 Re7 26. O-O-O Rae8 27.
Re1 Nf6 28. Bb5 Rc7 29. f5 Ne4 30. Bf4 h6 31. Rh3 Nf2 32. Rhe3 Rcc8 33. Bxc6
Nd3+ 34. Rxd3 Rxe1+ 35. Kd2 Re4 36. Bxe4 c4 37. Rxd6 h5 38. Rxb6 h4 39. Rb8 Rxb8
40. Bxb8 h3 41. a5 Kf8 42. a6 Ke8 43. a7 g6 44. a8=Q gxf5 45. Bxf5 Kf8 46. Be5+
Ke7 47. Bxh3 f6 48. Qa7+ Kf8 49. Bxf6 1-0

[Event "Challenge"]
[Site "http://www.queenalice.com/game.php?id=330105"]
[Date "2008.1.3"]
[Round "-"]
[White "PEPPABOY"]
[Black "jovy1097"]
[Result "0-1"]
[WhiteElo "1114"]
[BlackElo "1851"]

1. d4 Nf6 2. Nc3 g6 3. e4 d6 4. d5 c6 5. Nf3 cxd5 6. Nxd5 Nxe4 7. Bb5+ Nc6 8.
O-O Bg7 9. Qe1 Nf6 10. Nxe7 Qxe7 11. Qd2 O-O 12. Re1 Qc7 13. Bc4 Bg4 14. Ng5 Ne5
15. Bd5 Nxd5 16. b3 Bh6 17. f4 Nc6 18. Qxd5 Qb6+ 19. Be3 Qc7 20. h3 Bf5 21. c3
Bg7 22. Rac1 h6 23. b4 hxg5 24. fxg5 Be6 25. Qe4 Bxa2 26. Bf4 Rae8 27. Qc2 Be6
28. Rcd1 Ne5 29. Qa4 a6 30. Rd4 Qb6 31. Be3 Qc7 32. c4 Nxc4 33. Bf4 Bxd4+ 34.
Kh1 Bd7 35. Bxd6 Rxe1+ 36. Kh2 Qxd6+ 37. g3 Bxa4 38. h4 Bd7 39. Kg2 Qd5+ 40. Kh2
Bg1# 0-1

[Event "Challenge"]
[Site "http://www.queenalice.com/game.php?id=330108"]
[Date "2008.1.3"]
[Round "-"]
[White "jovy1097"]
[Black "PEPPABOY"]
[Result "1-0"]
[WhiteElo "1861"]
[BlackElo "1118"]

1. d4 d5 2. c4 dxc4 3. Nf3 e6 4. e4 Nc6 5. Bxc4 Bb4+ 6. Nc3 Nf6 7. e5 Ne4 8. Qd3
Nxf2 9. Kxf2 Be7 10. Rf1 O-O 11. Kg1 Bb4 12. Bd2 a6 13. Ng5 b5 14. Qxh7# 1-0

[Event "Red1-Beg-001"]
[Site "http://www.queenalice.com/game.php?id=333474"]
[Date "2008.1.9"]
[Round "1"]
[White "PEPPABOY"]
[Black "josh_hh"]
[Result "1-0"]
[WhiteElo "1112"]
[BlackElo "1161"]

1. e4 e5 2. Be2 Bc5 3. Nf3 Bxf2+ 4. Kxf2 Nf6 5. Bc4 h5 6. Nxe5 Nxe4+ 7. Kg1 Rh6
8. Nxf7 Qe7 9. Qe1 Rc6 10. Qe2 d6 11. Nc3 a5 12. Nb5 a4 13. Qxh5 Kd7 14. Qf5+
Ke8 15. Qxc8+ Qd8 16. Nxd8 Rxc4 17. d3 Rb4 18. Nxc7+ Ke7 19. dxe4 Ra5 20. Qe6+
Kf8 21. Qf7# 1-0

[Event "Challenge"]
[Site "http://www.queenalice.com/game.php?id=339472"]
[Date "2008.1.20"]
[Round "-"]
[White "jovy1097"]
[Black "PEPPABOY"]
[Result "1-0"]
[WhiteElo "1862"]
[BlackElo "1130"]

1. c4 c5 2. g3 e5 3. e4 Nf6 4. Bg2 Be7 5. d3 O-O 6. Ne2 Qa5+ 7. Nbc3 Nc6 8. a3
Nd4 9. O-O d6 10. Bg5 h6 11. Bxf6 Bxf6 12. b4 cxb4 13. axb4 Qxb4 14. Nd5 Qa5 15.
Nxf6+ gxf6 16. Rxa5 Bg4 17. f3 Bd7 18. Nxd4 exd4 19. Qa1 b6 20. Rxa7 Rxa7 21.
Qxa7 Bc6 22. Qxb6 Rc8 23. Qxd4 Kg7 24. Qxd6 h5 25. Ra1 Be8 26. Ra6 Kg8 27. Qxf6
Rc5 28. Ra8 Rc6 29. Qd8 Re6 30. Bh3 Re5 31. Bd7 Kg7 32. Bxe8 Rxe8 33. Qxe8 Kg6
34. Ra6+ Kg7 35. f4 f6 36. Ra7+ Kh6 37. Qh8+ Kg6 38. Qg7# 1-0

[Event "Challenge"]
[Site "http://www.queenalice.com/game.php?id=344567"]
[Date "2008.1.29"]
[Round "-"]
[White "PEPPABOY"]
[Black "jovy1097"]
[Result "1-0"]
[WhiteElo "1118"]
[BlackElo "1869"]

1. d4 Nf6 2. Nc3 d5 3. Bf4 Bf5 4. Nf3 Nbd7 5. e3 e6 6. Bd3 Bxd3 7. Qxd3 c5 8.
Ne5 c4 9. Qe2 Bb4 10. a3 Bxc3+ 11. bxc3 O-O 12. Rb1 Rb8 13. Qf3 Qa5 14. O-O Qxc3
15. Rfe1 Nb6 16. e4 Qxa3 17. Qxa3 Ra8 18. Qd6 Nxe4 19. Qe7 Rae8 20. Qxb7 f6 21.
Nf3 Rf7 22. Qc6 Rc8 23. Qxe6 g5 24. Rxb6 Rc7 25. Qe8+ Rf8 26. Qe6+ Kg7 27. Bxc7
axb6 28. Qe7+ Rf7 29. Qd8 b5 30. Ra1 Rf8 31. Qxd5 Nc3 32. Qe6 Rf7 33. Bd8 b4 34.
Be7 b3 35. cxb3 cxb3 36. Qxb3 Ne2+ 37. Kf1 Rxe7 38. Ra8 Nf4 39. Qg8+ Kh6 40. g3
Ng6 41. d5 Rg7 42. Qe6 g4 43. Nd4 Rb7 44. Nf5+ Kg5 45. Kg2 Ne5 46. Rg8+ Ng6 47.
Qe3+ Kxf5 48. Qe6+ Kg5 49. d6 h6 50. d7 Rxd7 51. Qxd7 1-0

[Event "Challenge"]
[Site "http://www.queenalice.com/game.php?id=355546"]
[Date "2008.2.17"]
[Round "-"]
[White "jovy1097"]
[Black "PEPPABOY"]
[Result "1-0"]
[WhiteElo "1799"]
[BlackElo "1134"]

1. c4 b6 2. Nc3 e5 3. Nf3 d6 4. d4 Nd7 5. e3 Ngf6 6. Be2 d5 7. cxd5 exd4 8. Nxd4
Ne5 9. O-O Nxd5 10. Bb5+ Bd7 11. Nxd5 c6 12. Nxc6 Bxc6 13. Bxc6+ Nxc6 14. e4 Bc5
15. Qa4 Qd7 16. Rd1 Nd4 17. Nc7+ Kd8 18. Qxd7+ Kxd7 19. Nxa8 Kc8 20. b4 Ne2+ 21.
Kf1 Nc3 22. Rd3 Nxe4 23. bxc5 Nxc5 24. Rc3 Rd8 25. Be3 Kd7 26. Bxc5 bxc5 27.
Rd1+ Kc8 28. Rxd8+ Kxd8 29. Rxc5 g5 30. Nc7 f6 31. Nd5 f5 32. Rc7 h6 33. Rxa7 h5
34. Ra5 h4 35. Nf6 Ke7 36. Rxf5 Kf7 37. a4 Kg6 38. Rf3 Kh6 39. a5 g4 40. Nxg4+
Kh5 41. Ne5 Kg5 42. a6 Kh5 43. a7 Kg5 44. a8=Q Kh5 45. Rf5+ Kh6 46. Qh8# 1-0

[Event "Challenge"]
[Site "http://www.queenalice.com/game.php?id=358066"]
[Date "2008.2.20"]
[Round "-"]
[White "ane"]
[Black "PEPPABOY"]
[Result "1-0"]
[WhiteElo "1331"]
[BlackElo "1128"]

1. e4 e5 2. Nf3 Be7 3. Nxe5 Bc5 4. Nd3 Bd6 5. e5 Be7 6. g3 d5 7. b3 Nc6 8. Nf4
f6 9. exf6 Bxf6 10. Nc3 Nge7 11. Ba3 g5 12. Nh5 Bf5 13. Nxf6+ Kf8 14. Bb5 Qd6
15. Bxd6 cxd6 16. h3 a6 17. Be2 b5 18. a4 d4 19. Nb1 Nb4 20. axb5 Bxc2 21. Qc1
d3 22. Nd7+ Ke8 23. Nb6 Ra7 24. Bh5+ Kf8 25. Qa3 a5 26. Qb2 Kg8 27. Na3 Rb7 28.
Nxc2 Nxc2+ 29. Kd1 Nf5 30. Bg4 1-0

[Event "Challenge"]
[Site "http://www.queenalice.com/game.php?id=373469"]
[Date "2008.3.19"]
[Round "-"]
[White "PEPPABOY"]
[Black "jovy1097"]
[Result "1-0"]
[WhiteElo "1132"]
[BlackElo "1808"]

1. e4 c6 2. d3 d5 3. Nc3 dxe4 4. Nxe4 Bg4 5. Qxg4 Nh6 6. Qd1 Nf5 7. Bd2 e6 8.
Bf4 Nd7 9. Qf3 Nd4 10. Qd1 Be7 11. c3 Nf5 12. g4 Nh4 13. Nf3 Qb6 14. d4 O-O-O
15. Bg3 Ng6 16. Be2 h5 17. h4 hxg4 18. Nfg5 f5 19. Bd6 fxe4 20. Nxe4 Bxh4 21.
Bxg4 Rde8 22. Qd2 Nf6 23. Bc5 Qd8 24. Nd6+ Kd7 25. Bh5 Rxh5 26. Nf7 Qc7 27. Bd6
Qb6 28. b3 Ne4 29. Qd3 Nxd6 30. Qxg6 Rg5 31. Nxg5 Bxg5 32. Qxg5 Re7 33. O-O Ne4
34. Qf4 Nxc3 35. Qe3 Qxd4 36. Qxd4+ 1-0

[Event "Challenge"]
[Site "http://www.queenalice.com/game.php?id=411143"]
[Date "2008.5.31"]
[Round "-"]
[White "jovy1097"]
[Black "PEPPABOY"]
[Result "1-0"]
[WhiteElo "1756"]
[BlackElo "1162"]

1. Nf3 d6 2. d4 Nc6 3. Nc3 e5 4. dxe5 dxe5 5. Bd2 Bd7 6. e4 Nd4 7. Nxd4 exd4 8.
Nd5 c6 9. Nf4 g5 10. Nd3 Be7 11. Be2 f6 12. Bh5+ Kf8 13. c3 Bd6 14. cxd4 Ne7 15.
O-O Rg8 16. e5 fxe5 17. dxe5 Bf5 18. exd6 Qxd6 19. Ne1 h6 20. g3 Bg6 21. Bxg6
Rxg6 22. f4 Qd4+ 23. Kg2 Nf5 24. fxg5 Re8 25. Rxf5+ Kg7 26. gxh6+ Rxh6 27. Bxh6+
Kxh6 28. Qxd4 Re2+ 29. Kh3 c5 30. Qg4 Re4 31. Rh5# 1-0

[Event "Challenge"]
[Site "http://www.queenalice.com/game.php?id=425747"]
[Date "2008.6.30"]
[Round "-"]
[White "jovy1097"]
[Black "PEPPABOY"]
[Result "1-0"]
[WhiteElo "1784"]
[BlackElo "1158"]

1. d4 d5 2. c4 dxc4 3. Nf3 Nf6 4. Nc3 e6 5. Bg5 h6 6. Bh4 Nc6 7. e3 Be7 8. Bxc4
a6 9. a3 O-O 10. O-O Bd6 11. Ne4 Qd7 12. Nxf6+ gxf6 13. Bxf6 b5 14. Ne5 Bxe5 15.
Qg4+ Kh7 16. Qg7# 1-0